Most Populated Nigerian States - Statistics

General Stats
  • This quiz has been taken 41 times
  • The average score is 5 of 10
Answer Stats
Population State % Correct
12,550,600 Lagos
100%
13,076,900 Kano
84%
7,840,900 Oyo
62%
8,252,400 Kaduna
57%
7,303,900 Rivers
57%
5,860,200 Borno
46%
7,831,300 Katsina
43%
5,741,800 Benue
32%
6,537,300 Bauchi
27%
5,828,200 Jigawa
19%
No matching quizzes found
Score Distribution
Percent of People with Each Score
Percentile by Number Answered
Your Score History
You have not taken this quiz